000 00620nam a2200277Ia 4500
005 20260324140140.0
008 008 260324s9999 xx 000 0 eng d
020 _a9780203978498
037 _aEBOOK
040 _aCRL
040 _beng
040 _cCRL
041 _2eng
041 _aeng
084 _qCRL
100 _aChris Hamnett
_91192522
245 0 _aWinners And Losers
260 _bTaylor and Francis
260 _c1999
365 _a
365 _b250
856 _uhttp://www.taylorfrancis.com/books/9780203978498
942 _cEBOOK
999 _c1805062
_d1805062